000 00895nam a22002415i 4500
001 176698
003 ES-MaACL
005 20230906220150.0
008 110202s2010 sp ao |||| | spa d
020 _a978-84-87914-94-2
080 _a726.5(460.27)
100 1 _aPeña y Montes de Oca, Jorge-Elías de la.
_9144993
245 1 0 _aArquitectura parroquial y conventual del alfoz complutense en la época de los Austrias /
_cJorge-Elías de la Peña y Montes de Oca.
260 _aAlcalá de Henares :
_bAyuntamiento de Alcalá de Henares,
_cD. L. 2010.
300 _a405 p. :
_bil. bl. y n. ;
_c21 cm.
490 1 _aAlcalá Ensayo ;
_v28
500 _aÍndices.
504 _aBibliografía: p. 345-365.
650 4 _aArquitectura religiosa-
_zMadrid (Comunidad Autónoma)
_910049
830 0 _aAlcalá Ensayo ;
_v28
_9185763
852 _aES-MaACL
_jE-14169
999 _c176698
_d176698